000 00444nam a2200169Ia 4500
003 GCL
008 140319s9999 xx 000 0 eng d
040 _aGCL /
_cGCL
082 0 4 _a005.43
_bO E
100 1 _aDRVIS, WILLION J
245 1 0 _aEXCEL 4 FOR SCIENTISTS ENGINEERS /
_cDRVIS, WILLION J
260 _a[S.N] :
_bSYBEX INC. ،
_c1993
300 _a435 P
650 0 4 _aCOMPUTER PROGRM
650 0 4 _aWINDOWS PROGRAM
942 _2ddc
_cBK
999 _c16537
_d16537